000 00516cam a22002171 4500
001 sa 68002162
003 DLC
005 20260227112440.0
008 890227s1965 xx 000 0 ben
010 _asa 68002162
035 _a(OCoLC)23567868
040 _aDLC
_cMiU
_dDLC
042 _apremarc
050 0 0 _aPK1718.C423
_bK3
100 1 _aChatterjee, Hari Narayan,
_d1916-
245 1 0 _aKaśeiṭ kāntā.
260 _c[1965]
300 _a186 p.
_c23 cm.
500 _aIn Bengali.
500 _aA novel.
999 _c78488
_d78488